000 00544nam a22002057a 4500
003 OSt
005 20180116183018.0
008 151026b xxu||||| |||| 00| 0 eng d
020 _a9788120347342
040 _c0
082 _a658 SAP 2013
100 _aR.K. Sapru
245 _aAdministrative Theories and Management Thought
_cR.K. Sapru
260 _aDelhi
_bPHI Learning
_c2013
300 _a598 P.
_bPB
440 _aAdministrative Theories and Management Thought
600 _aR.K. Sapru
700 _aR.K. Sapru
942 _2ddc
_cBK
999 _c350476
_d350476